| 000 | 00352nam a22001457a 4500 | ||
|---|---|---|---|
| 027 | _qPB. | ||
| 040 | _cFIZZA ISHAQ | ||
| 082 |
_a004 _bNIT |
||
| 100 |
_aRAMASWANY, NITIN. _984927 |
||
| 245 |
_aQUESTION BANK COMPUTER SCIENCE / _cNITIN M. RAMASWANY. |
||
| 250 | _a4TH ED. | ||
| 260 |
_aDEHLI : _bSNDI _c2007. |
||
| 300 | _a527 EP. ; | ||
| 942 |
_2ddc _cBK |
||
| 999 |
_c586860 _d586860 |
||